Movies Quiz

Random Movies or Disney Quiz

Girl Names from 'Jolly Holiday' Quiz Stats

 Plays Quiz not verified by Sporcle

Challenge
Share
Tweet
Embed
Score 0/21 Timer 05:00
0 Plays Today
% Correct
Jane
77.3%
Mary Poppins
75.8%
Agnes
71.2%
Mavis
68.2%
Priscilla
68.2%
Phoebe
66.7%
Veronica
66.7%
Stephanie
65.2%
Sybil
63.6%
Prudence
62.1%
Felicia
62.1%
% Correct
Maude
57.6%
Phyllis
56.1%
Lydia
54.5%
Cynthia
54.5%
Vivian
54.5%
Millicent
54.5%
Glynis
54.5%
Gwendoline
53%
Janice
53%
Drocas
48.5%

You're not logged in!

Compare scores with friends on all Sporcle quizzes.
OR
Log In

You Might Also Like...

Show Comments

Extras

Top Quizzes Today


Score Distribution

Your Account Isn't Verified!

In order to create a playlist on Sporcle, you need to verify the email address you used during registration. Go to your Sporcle Settings to finish the process.

Report this User

Report this user for behavior that violates our Community Guidelines.

Details: